000
00223nam a2200085Ia 4500
245
0
_a
SHELL BOOK OF FIRSTS
100
_a
ROBERTSON, P. London, 1974
_9
104268
942
_c
BK
008
210818s9999 xx 000 0 und d
999
_c
470222
_d
470221